000 00720nam a2200217Ia 4500
005 20241129110111.0
008 241129s9999||||xx |||||||||||||| ||und||
020 _a81-87654-27-8
037 _aTB
040 _aARTS
_bpun
_cARTS
041 _apun
_2pun
084 _aO153,3NMA,BD R3
_qARTS
100 _aਮਾਂਗਟ, ਮੇਜਰ, ਚ।
245 0 _aਬਰਖ਼ ਦਾ ਬੰਦਾ
_cਮਾਂਗਟ, ਮੇਜਰ, ਚ।
260 _aਦਿੱਲੀ, ਭਾਰਤ
_bਦਿੱਲੀ ਮਨਪ੍ਰੀਤ ਪ੍ਰਕਾਸ਼ਨ
_c2023
300 _a236ਪ੍ਰ0
365 _aINR
_b695
650 _aPunjabi Fiction
_9179734
942 _cTB
_hO153,3NMA,BD R3
999 _c1227309
_d1227309